000 00329nam a2200133Ia 4500
005 20251222141944.0
008 251222s9999||||xx |||||||||||||| ||spa||
082 _a251.9/S21
100 _aSanz Burata, Luis
245 0 _aDevocionario de los Jóvenes de Acción Católica
250 _a3a.ed.
264 _bVilamala
942 _cLIB
999 _c9455
_d9455